Sports Quiz

Random Sports Quiz

Brownlow Medal Runners-Up Quiz Stats

 Plays Quiz not verified by Sporcle

Challenge
Share
Tweet
Embed
Score 0/32 Timer 12:00
0 Plays Today
Year (Winner(s)) Runner-Up % Correct
2009 (Gary Ablett Jr)Chris Judd
95.5%
2003= (Mark Ricciuto, Nathan Buckley, Adam Goodes)Ben Cousins
89.4%
2007=Simon Black
89.4%
2008 (Adam Cooney)Simon Black
89.4%
2012 = (Jobe Watson)Sam MItchell
88.6%
2011 (was ineligible)Sam Mitchell
88.6%
2012 =Trent Cotchin
88.6%
2005 (Ben Cousins)Daniel Kerr
86.4%
2007= (Jimmy Bartel)Brent Harvey
86.4%
2007=Daniel Kerr
86.4%
2003=Shane Crawford
83.3%
1994 (Greg Williams)Peter Matera
81.8%
1997= (Robert Harvey)Peter Matera
81.8%
2000 (Shane Woewodin)Scott West
81.8%
2006 (Adam Goodes)Scott West
81.8%
1998 (Robert Harvey)Nathan Buckley
80.3%
Year (Winner(s)) Runner-Up % Correct
1993=Greg Williams
78.8%
2004 (Chris Judd)Mark Ricciuto
77.3%
1997=Paul Kelly
75.8%
2001 (Jason Akermanis)Andrew McLeod
75.8%
2003=Gavin Wanganeen
74.2%
2010 (Chris Judd)Gary Ablett Jr
71.2%
2011 (Dane Swan)Nick Dal Santo
68.6%
1992 (Scott Wynd)Jason Dunstall
66.7%
1996= (James Hird, Michael Voss)Chris Grant
65.2%
1993= (Gavin Wanganeen)Garry Hocking
56.1%
1999 (Shane Crawford)Mark Mercuri
56.1%
1996=Nathan Burke
53%
2002 (Simon Black)Josh Francou
53%
1991 (Jim Stynes)Craig Turley
37.9%
1995 (Paul Kelly)Darren Jarman
33.3%
1990 (Tony Liberatore)Graham Wright
31.8%

You're not logged in!

Compare scores with friends on all Sporcle quizzes.
OR
Log In

You Might Also Like...

Show Comments

Extras

Top Quizzes Today


Score Distribution

Your Account Isn't Verified!

In order to create a playlist on Sporcle, you need to verify the email address you used during registration. Go to your Sporcle Settings to finish the process.

Report this User

Report this user for behavior that violates our Community Guidelines.

Details: